Land Vehicles Quiz Stats

Quiz Updated Feb 23, 2018

Challenge
Share
Tweet
Score 0/19 Timer 03:00
1 Play Today
% Correct
Car
98.5%
Tank
98.2%
Bus
98.1%
Motorbike
98%
Skateboard
97.9%
Tractor
97.9%
Train
97.9%
Sled
97.7%
Unicycle
97.6%
Van
97.6%
% Correct
Tricycle
97.2%
Bicycle
96.9%
Skis
96.5%
Cart
96.4%
Truck
96.3%
Segway
95.9%
Kick Scooter
94.7%
Sand Yacht
93.4%
Stagecoach
91.9%

You're not logged in!

Compare scores with friends on all Sporcle quizzes.
Sign Up with Email
OR
Log In

You Might Also Like...

Show Comments

Extras

Top Quizzes Today


Score Distribution

Your Account Isn't Verified!

In order to create a playlist on Sporcle, you need to verify the email address you used during registration. Go to your Sporcle Settings to finish the process.

Report this User

Report this user for behavior that violates our Community Guidelines.

Details: